Statistics for World Capital

Click here to take the quiz!

General Stats

  • This quiz has been taken 3 times
  • The average score is 190 of 197

Answer Stats

HintAnswer% Correct
United Arab EmiratesAbu Dhabi
100%
NigeriaAbuja
100%
GhanaAccra
100%
EthiopiaAddis Ababa
100%
AlgeriaAlgiers
100%
JordanAmman
100%
NetherlandsAmsterdam
100%
AndorraAndorra la Vella
100%
TurkeyAnkara
100%
MadagascarAntananarivo
100%
TurkmenistanAshgabat
100%
EritreaAsmara
100%
ParaguayAsuncion
100%
GreeceAthens
100%
IraqBaghdad
100%
AzerbaijanBaku
100%
MaliBamako
100%
BruneiBandar Seri Begawan
100%
ThailandBangkok
100%
Central African RepublicBangui
100%
GambiaBanjul
100%
ChinaBeijing
100%
LebanonBeirut
100%
SerbiaBelgrade
100%
BelizeBelmopan
100%
GermanyBerlin
100%
SwitzerlandBern
100%
KyrgyzstanBishkek
100%
Guinea-BissauBissau
100%
ColombiaBogota
100%
BrazilBrasilia
100%
SlovakiaBratislava
100%
Republic of the CongoBrazzaville
100%
BelgiumBrussels
100%
RomaniaBucharest
100%
HungaryBudapest
100%
ArgentinaBuenos Aires
100%
EgyptCairo
100%
AustraliaCanberra
100%
VenezuelaCaracas
100%
Saint LuciaCastries
100%
MoldovaChisinau
100%
DenmarkCopenhagen
100%
SenegalDakar
100%
SyriaDamascus
100%
BangladeshDhaka
100%
East TimorDili
100%
DjiboutiDjibouti
100%
TanzaniaDodoma
100%
QatarDoha
100%
IrelandDublin
100%
TajikistanDushanbe
100%
Sierra LeoneFreetown
100%
TuvaluFunafuti
100%
BotswanaGaborone
100%
BurundiGitega
100%
GuatemalaGuatemala City
100%
VietnamHanoi
100%
ZimbabweHarare
100%
CubaHavana
100%
FinlandHelsinki
100%
Solomon IslandsHoniara
100%
PakistanIslamabad
100%
IndonesiaJakarta
100%
IsraelJerusalem
100%
South SudanJuba
100%
AfghanistanKabul
100%
UgandaKampala
100%
NepalKathmandu
100%
SudanKhartoum
100%
RwandaKigali
100%
JamaicaKingston
100%
Democratic Republic of the CongoKinshasa
100%
KuwaitKuwait City
100%
UkraineKyiv
100%
BoliviaLa Paz or Sucre
100%
GabonLibreville
100%
MalawiLilongwe
100%
PeruLima
100%
PortugalLisbon
100%
SloveniaLjubljana
100%
TogoLomé
100%
United KingdomLondon
100%
AngolaLuanda
100%
ZambiaLusaka
100%
LuxembourgLuxembourg
100%
SpainMadrid
100%
Marshall IslandsMajuro
100%
MaldivesMalé
100%
NicaraguaManagua
100%
BahrainManama
100%
PhilippinesManila
100%
MozambiqueMaputo
100%
EswatiniMbabane
100%
MexicoMexico City
100%
BelarusMinsk
100%
SomaliaMogadishu
100%
MonacoMonaco
100%
LiberiaMonrovia
100%
UruguayMontevideo
100%
ComorosMoroni
100%
RussiaMoscow
100%
OmanMuscat
100%
KenyaNairobi
100%
BahamasNassau
100%
MyanmarNaypyidaw
100%
ChadN'Djamena
100%
IndiaNew Delhi
100%
NigerNiamey
100%
CyprusNicosia
100%
MauritaniaNouakchott
100%
TongaNuku'alofa
100%
KazakhstanNur-Sultan
100%
NorwayOslo
100%
CanadaOttawa
100%
Burkina FasoOuagadougou
100%
PanamaPanama City
100%
SurinameParamaribo
100%
FranceParis
100%
CambodiaPhnom Penh
100%
MontenegroPodgorica
100%
HaitiPort-au-Prince
100%
MauritiusPort Louis
100%
BeninPorto-Novo or Cotonou
100%
Czech RepublicPrague
100%
Cape VerdePraia
100%
South AfricaPretoria / Cape Town / Bloemfontein
100%
KosovoPristina
100%
North KoreaPyongyang
100%
EcuadorQuito
100%
MoroccoRabat
100%
IcelandReykjavik
100%
LatviaRiga
100%
Saudi ArabiaRiyadh
100%
ItalyRome
100%
DominicaRoseau
100%
YemenSana'a
100%
Costa RicaSan José
100%
San MarinoSan Marino
100%
El SalvadorSan Salvador
100%
ChileSantiago
100%
Dominican RepublicSanto Domingo
100%
São Tomé and PríncipeSão Tomé
100%
Bosnia and HerzegovinaSarajevo
100%
South KoreaSeoul
100%
SingaporeSingapore
100%
North MacedoniaSkopje
100%
BulgariaSofia
100%
Sri LankaSri Jayawardenepura Kotte
100%
SwedenStockholm
100%
FijiSuva
100%
TaiwanTaipei
100%
EstoniaTallinn
100%
UzbekistanTashkent
100%
GeorgiaTbilisi
100%
HondurasTegucigalpa
100%
IranTehran
100%
BhutanThimphu
100%
AlbaniaTirana
100%
JapanTokyo
100%
LibyaTripoli
100%
TunisiaTunis
100%
MongoliaUlaanbaatar
100%
LiechtensteinVaduz
100%
MaltaValletta
100%
Vatican CityVatican City
100%
SeychellesVictoria
100%
AustriaVienna
100%
LaosVientiane
100%
LithuaniaVilnius
100%
PolandWarsaw
100%
United StatesWashington D.C
100%
New ZealandWellington
100%
NamibiaWindhoek
100%
CameroonYaoundé
100%
NauruYaren
100%
ArmeniaYerevan
100%
CroatiaZagreb
100%
SamoaApia
67%
Saint Kitts and NevisBasseterre
67%
BarbadosBridgetown
67%
GuineaConakry
67%
GuyanaGeorgetown
67%
Saint Vincent and the GrenadinesKingstown
67%
MalaysiaKuala Lumpur
67%
Equatorial GuineaMalabo
67%
LesothoMaseru
67%
Federated States of MicronesiaPalikir
67%
Papua New GuineaPort Moresby
67%
Trinidad and TobagoPort-of-Spain
67%
VanuatuPort Vila
67%
PalestineRamallah
67%
GrenadaSaint George's
67%
Antigua and BarbudaSaint John's
67%
KiribatiSouth Tarawa
67%
Ivory CoastYamoussoukro
67%
PalauNgerulmud
33%

Score Distribution

Percentile by Number Answered

Percent of People with Each Score

Your Score History

You have not taken this quiz